A los jóvenes y a las jóvenes del mundo: Carta Apostólica con ocasión del Año Internacional de la Juventud

Na minha lista:
Detalhes bibliográficos
Autor principal: Juan Pablo II (Autor)
Formato: Livro
Idioma:espanhol
Publicado em: Santiago Paulinas 1988
Edição:2a. ed
coleção:Documentos de la Iglesia
Assuntos:
Tags: Adicionar Tag
Sem tags, seja o primeiro a adicionar uma tag!

MARC

LEADER 00000nam a2200000 a 4500
001 UCX6419
003 CL-VaPUC
008 930608e19880000CL |||||||||||||||||spa|d
082 0 4 |a 262.91  |b JUA  |2 21 
100 |a Juan Pablo II  |e author  |9 309920 
245 1 0 |a A los jóvenes y a las jóvenes del mundo: Carta Apostólica con ocasión del Año Internacional de la Juventud 
250 |a 2a. ed 
300 |a 64 p 
942 |c BK 
945 |d 19930608 00:00:00 
260 |a Santiago  |b Paulinas  |c 1988 
650 0 |a Juventud  |x Vida religiosa  |9 322897 
650 0 |a Documentos pontificios   |9 255642 
583 |a last modification  |c 19930608 00:00:00  |k Rodrigo Vera 
490 0 |a Documentos de la Iglesia 
999 |c 226441  |d 226439 
952 |0 0  |1 0  |4 0  |6 262_910000000000000_JUA_1988  |7 0  |8 A  |9 224785  |a BIBTEO  |b BIBTEO  |d 2019-11-15  |i 2935260  |o 262.91 JUA 1988  |p 2935260  |r 2025-01-17  |w 2019-11-15  |y BK  |k ICR